00600cam a22002051 45000010008000000030006000080050017000140080041000310100017000720350019000890400020001080420012001280500021001400820015001611000037001762450058002132600091002713000019003626500013003816908785GBCCL20241126110447.0810218s1939 tnu 000 0 eng  a 40001724  a(OCoLC)7135115 aDLCcTxAbHdDLC apremarc00aBV811b.F83 1939 a265.1bFRO1 aFrost, James Marion,d1849-1916.14aThe moral dignity of baptism,cby James Marion Frost. aNashville, Tenn.,bThe Sunday school board of the Southern Baptist conventionc[c1939] a140 p.c19 cm. 0aBaptism.